Largest Corn Exporters (2022) - Statistics

General Stats
  • This quiz has been taken 37 times
  • The average score is 7 of 13
Answer Stats
Hint Answer % Correct
$19,300,000,000 United States
100%
$709,000,000 Canada
85%
$12,400,000,000 Brazil
79%
$9,790,000,000 Argentina
76%
$2,350,000,000 France
73%
$1,160,000,000 India
73%
$6,020,000,000 Ukraine
64%
$1,260,000,000 Poland
45%
$1,250,000,000 South Africa
30%
$1,090,000,000 Paraguay
18%
$1,890,000,000 Romania
18%
$807,000,000 Myanmar
12%
$860,000,000 Hungary
9%
No matching quizzes found
Score Distribution
Percent of People with Each Score
Percentile by Number Answered
Your Score History
You have not taken this quiz